Gaming Quiz

Random Gaming or Video Games Quiz

'M' Video Games Quiz Stats

Quiz Updated Apr 4, 2014

Challenge
Share
Tweet
Embed
Score 0/25 Timer 06:00
2 Plays Today
Year Game % Correct
1996Mario Kart 64
75.6%
1992Mortal Kombat
74.3%
1981Ms. Pac-man
68.2%
1983Mario Bros.
68.1%
1982Millipede
67.5%
1997Madden NFL 98
67.2%
2002Mario Party 4
66.5%
2004Metal Gear Solid 3: Snake Eater
63%
1986Metroid
58.4%
1989Mega Man 2
50.1%
2000Monkey Ball
47.4%
2007Mass Effect
42.8%
2009Minecraft
42.7%
Year Game % Correct
1987Mike Tyson's Punch-Out!!
41.4%
1999Medal of Honor
37.3%
2008Mirror's Edge
34.4%
1993Myst
34.2%
1980Missile Command
30.6%
2001Max Payne
20.8%
1988Might and Magic II
17.6%
1998Metal Slug 2
12.6%
2005Mercenaries
11.1%
2006Me & My Katamari
8.7%
2003MLB Slugfest 20-03
6.3%
2010ModNation Racers
3.1%

You're not logged in!

Compare scores with friends on all Sporcle quizzes.
Sign Up with Email
OR
Log In

You Might Also Like...

Show Comments

Extras

Top Quizzes Today


Score Distribution

Your Account Isn't Verified!

In order to create a playlist on Sporcle, you need to verify the email address you used during registration. Go to your Sporcle Settings to finish the process.